Statistics for Element Symbols that are State Abbreviations

Click here to take the quiz!

General Stats

  • This quiz has been taken 31 times
  • The average score is 10 of 16

Answer Stats

Answer% Correct
AL - Alabama - Aluminum
100%
AR - Arizona - Argon
88%
CA - California - Calcium
88%
FL - Florida - Flerovium
81%
CO - Colorado - Cobalt
73%
GA - Georgia - Gallium
65%
IN - Indiana - Indium
65%
MN - Minnesota - Manganese
62%
NE - Nebraska - Neon
62%
MO - Missouri - Molybdenum
54%
ND - North Dakota - Neodymium
54%
PA - Pennsylvania - Protactinium
54%
MD - Maryland - Mendelevium
50%
SC - Scandium - South Carolina
50%
LA - Louisiana - Lanthanum
46%
MT - Montana - Meitnerium
31%

Score Distribution

Percentile by Number Answered

Percent of People with Each Score

Your Score History

You have not taken this quiz